| 000 | 00448nam a22001817a 4500 | ||
|---|---|---|---|
| 005 | 20230821113318.0 | ||
| 008 | 230818b |||||||| |||| 00| 0 eng d | ||
| 020 | _a978-93-86056-10-8 | ||
| 041 | _aeng | ||
| 082 | _a611.026 DAS-T | ||
| 100 |
_aDAS K. V KRISHNA _98126 |
||
| 245 | _aTEXTBOOK OF MEDICINE [ VOL-2] | ||
| 250 | _a6TH ED, 2017 | ||
| 260 |
_aNEW DELHI _bJAYPEE BROTHERS |
||
| 300 | _a792-1597;p | ||
| 650 |
_aBPT _98127 |
||
| 942 | _cBK | ||
| 999 |
_c8396 _d8394 |
||